| 000 | 00357nam a2200157Ia 4500 | ||
|---|---|---|---|
| 008 | 230711s9999||||xx |||||||||||||| ||und|| | ||
| 041 | _aENG | ||
| 082 |
_a624 _bIL-T |
||
| 100 | _aIllingworth,JR | ||
| 245 | 0 | _aTemporary works | |
| 250 | _a1st . Ed. | ||
| 260 |
_c1988 _aLondon _bThomas Telford |
||
| 300 | _a285 | ||
| 650 | _aCivil Engineering | ||
| 942 | _cBK | ||
| 999 |
_c760 _d760 |
||